书目信息 |
| 题名: |
建筑施工企业安全生产管理制度精选
|
|
| 作者: | 冯小川 编 | |
| 分册: | ||
| 出版信息: | 北京 中国建材工业出版社 2004.11 |
|
| 页数: | 175页 | |
| 开本: | 21cm | |
| 丛书名: | ||
| 单 册: | ||
| 中图分类: | F426.9-62 | |
| 科图分类: | F426.9 | |
| 主题词: | 建筑企业--jian zhu qi ye--安全生产--许可证--申报--中国--指南 , 建筑企业--jian zhu qi ye , 安全生产--an quan sheng chan , 许可证--xu ke zheng , 申报--shen bao | |
| 电子资源: | ||
| ISBN: | 7-80159-769-9 | |
| 000 | 01310nam0 2200337 450 | |
| 000 | 01330nam0 2200337 450 | |
| 000 | 01293nam0 2200325 450 | |
| 000 | 01256nam0 2200313 450 | |
| 000 | 01219nam0 2200301 45 | |
| 001 | 012005000000 | |
| 005 | 20050908161328.48 | |
| 010 | @a7-80159-769-9@dCNY10.00 | |
| 100 | @a20050128d2004 em y0chiy0121 ea | |
| 101 | 0 | @achi |
| 102 | @aCN@b110000 | |
| 105 | @ay z 000yy | |
| 200 | 1 | @a建筑施工企业安全生产管理制度精选@Ajian zhu shi gong qi ye an quan sheng chan guan li zhi du jing xuan@e安全生产许可证申办材料参考@f冯小川编 |
| 210 | @a北京@c中国建材工业出版社@d2004.11 | |
| 215 | @a175页@d21cm | |
| 330 | @a本书主要内容包括:各级管理人员安全生产责任、各职能部门安全责任、安全生产教育培训制度、安全生产事故报告处理制度、有害作业劳动保护制度、工程危险源监控与管理制度等。 | |
| 517 | 1 | @a安全生产许可证申办材料参考@Aan quan sheng chan xu ke zheng shen ban cai liao can kao |
| 606 | 0 | @a建筑企业@Ajian zhu qi ye@x安全生产@x许可证@x申报@y中国@j指南 |
| 606 | 0 | @a建筑企业@Ajian zhu qi ye |
| 606 | 0 | @a安全生产@Aan quan sheng chan |
| 606 | 0 | @a许可证@Axu ke zheng |
| 606 | 0 | @a申报@Ashen bao |
| 690 | @aF426.9-62@v4 | |
| 692 | @aF426.9 | |
| 701 | 0 | @a冯小川@Afeng xiao chuan@4编 |
| 801 | 0 | @aCN@bSRXX@c20050908 |
| 905 | @a10447@dF426.9@eF520 | |
| 建筑施工企业安全生产管理制度精选:安全生产许可证申办材料参考/冯小川编.-北京:中国建材工业出版社,2004.11 |
| 175页;21cm |
| ISBN 7-80159-769-9:CNY10.00 |
| 本书主要内容包括:各级管理人员安全生产责任、各职能部门安全责任、安全生产教育培训制度、安全生产事故报告处理制度、有害作业劳动保护制度、工程危险源监控与管理制度等。 |
| ● |
| 相关链接 |
|
|
|
正题名:建筑施工企业安全生产管理制度精选
索取号:F426.9/F520
 
预约/预借
| 序号 | 登录号 | 条形码 | 馆藏地/架位号 | 状态 | 备注 |
| 1 | 540276 | 205402768 | 社科库409/409社科库 36排7列1层/ [索取号:F426.9/F520] | 在馆 | |
| 2 | 540277 | 205402777 | 社科库409/409社科库 36排7列1层/ [索取号:F426.9/F520] | 在馆 | |
| 3 | 540278 | 205402786 | 社科二线422/409社科库 36排7列1层/ [索取号:F426.9/F520] | 在馆 |